000 00969nam a2200289 a 4500
999 _c130559
_d130559
001 4431012
003 ARRUPE
005 20201028111912.0
008 930929s1991 rh af 001 0 eng
010 _a 93982153
020 _a0582641071
040 _aDLC
_cDLC
043 _af-rh---
050 0 0 _aQL557.Z55
_bC66 1991
082 0 0 _a595.78/9/096891
_220
100 1 _aCooper, Richard.
_950024
245 1 0 _aButterflies of Zimbabwe /
_cRichard Cooper.
250 _a2nd ed.
260 _aArdbennie, Harare :
_bLongman Zimbabwe,
_c1991.
300 _a138 p., 32 p. of col. plates :
_bill. ;
_c22 cm.
440 0 _aBundu series
_950025
500 _aIncludes index.
650 0 _aButterflies
_zZimbabwe
_xIdentification.
_950026
906 _a7
_bcbc
_corignew
_d2
_encip
_f19
_gy-gencatlg
942 _2lcc
_cMONOGRAPH